000 00719nam a2200253 a 4500
001 483
003 BR-CuiBMT
005 20231107213550.0
008 231107s2015 baba 000 0 por d
020 _a854420337
040 _aBR-CuiBMT
_cBR-CuiBMT
080 _22007
_a34:336.2
090 _a34:336.2
_bL533m
_c4. ed.
100 1 _aLeite, Harrison
_qLeite, Harrison Ferreira
245 0 _aManual de direito financeiro /
_cHarrison Leite.
250 _a4. ed. rev. ampl. e atual.
260 _aSalvador :
_bJuspodivm,
_c2015.
300 _a498 p.:
_bil.
_c24 cm
504 _aInclui bibliografia.
650 _aDireito financeiro
650 _aOrçamento público
650 _aDespesas públicas
942 _2udc
_cLV
999 _c483
_d483